MARC

LEADER 00000nam a2200000Ia 4500
001 12145
008 160829s1998 xx 000 0 cat d
080 |a B-1-307 
100 |a Comediants (Grup teatral)  |9 35050 
245 |a Agenda perpètua / Comediants 
260 |a Barcelona :  |b Barcanova :  |b Diputació de Barcelona. Institut del Teatre,  |c 1998 
300 |a [231] p. :  |b  principalment il., col. ;  |c 27 cm 
650 |a Comediants (Grup teatral)  |9 35050 
710 1 |a Institut del Teatre (Barcelona, Catalunya)  |9 52662 
901 |a Arxiu 
942 |n 1 
952 |0 0  |1 0  |4 0  |6 B1307  |7 1  |9 47730  |a Arxiu  |b Arxiu  |d 2016-12-01  |l 0  |o B-1-307  |p 12145  |r 2016-12-01 00:00:00  |w 2016-12-01  |y ARXIU 
999 |c 51529  |d 51529